00825nam a2200169 a 450000500170000000800420001704000270005904100080008604400070009424502300010126000490033130000810038050000640046165000600052565000340058565000360061920161011083443.0161011s20122 ck ad|||r |||| 00| 0 spa d aCO-BoIAVH cCO-BoIAVH 0 aspa ack00aAnálisis de incorporación de criterios de conservación y uso sostenible de la biodiversidad en instrumentos de fomento del sector agropecuario : bCasos crédito agropecuario e Incentivo a la Capitalización Rural ICR aBogotá?, Colombia : bGEF : bPNUD,c2012. a1 plegable (17 páginas) : bilustraciones a color y tablas ; c23 x 16 cm. aConservación de la biodiversidad en predios productivos. 26aConservación de la diversidad biológicaxincentivos26aBiodiversidadxuso sostenible24aSector agropecuarioxincentivos